000 00420nam a2200181Ia 4500
005 20250423101048.0
008 250422s9999 xx 000 0 und d
020 _a9781259251283
050 _aRD 37 .M33/
100 _aMcElroy, Lisa M.
245 0 _aSurgery review illustrated
250 _a2nd ed.
260 _aNew York
260 _bMcGraw-Hill Education
260 _c2017
300 _a946 p
942 _cBK
999 _c35166
_d35166